Sports Quiz

Random Sports or NFL Quiz
Score 0/15 Timer 05:00
0 Plays Today
Hint Answer % Correct
Passing Yards (Week 14)Tom Brady
98.9%
Passing Yards (Week 14)Peyton Manning
97.8%
Rushing Yards (Week 14)LeSean McCoy
85.7%
Passing Yards (Week 14)Ben Roethlisberger
84.8%
Receiving Yards (Week 14)Andre Johnson
82.7%
Rushing Yards (Week 14)Jamaal Charles
82.3%
Rushing Yards (Week 14)DeMarco Murray
76%
Passing Yards (Week 14)Josh McCown
71.5%
Hint Answer % Correct
Receiving Yards (Week 14)Antonio Brown
67.9%
Receiving Yards (Week 14)Josh Gordon
66.5%
Passing Yards (Week 14)Jason Campbell
52.1%
Receiving Yards (Week 14)Cordarrelle Patterson
41%
Rushing Yards (Week 14)Bobby Rainey
40.5%
Receiving Yards (Week 14)Shane Vereen
27.4%
Rushing Yards (Week 14)Marcel Reece
27.1%
Remove Ads.
Support Sporcle.
Get the best of Sporcle when you Go Orange. This ad-free experience offers more features, more stats, and more fun while also helping to support Sporcle. Thank you for becoming a member.

You're not logged in!

Compare scores with friends on all Sporcle quizzes.
OR
Log In

Show Comments

Extras

Top Quizzes Today


Score Distribution

Your Account Isn't Verified!

In order to create a playlist on Sporcle, you need to verify the email address you used during registration. Go to your Sporcle Settings to finish the process.

Report this User

Report this user for behavior that violates our Community Guidelines.

Details: